000 00644nam a2200217 a 4500
001 9181
003 CO-ViMGA
008 141112s2004 ck r 000 u spa d
040 _aCO-ViMGA
_bspa
_cCO-ViMGA
082 0 4 _aR330.3 A52d
100 1 _aAlcaraz Varó, Enrique
_99676
245 1 0 _aDiccionario de terminos ecónomicos financieros y comerciales. Ingles Español - Spanish - English
260 _aBarcelona :
_bAriel,
_c1998
300 _a1246 p.
650 1 4 _aDICCIONARIO
_99677
650 1 4 _aEconomía
_99678
650 1 4 _aESPAÑOL - INGLES
_99679
650 1 4 _aFINANZAS
_99680
650 1 4 _aINGLES - ESPAÑOL
_99681
942 _2ddc
_cBK
999 _c20722
_d20722